| 000 | 00597nam a2200181Ia 4500 | ||
|---|---|---|---|
| 008 | 090124s9999 xx 000 0 und d | ||
| 082 | _b23061 | ||
| 100 | _aकर्वे चिं. श्री. | ||
| 245 | _a जीवन नि विज्ञान | ||
| 250 | _a1 | ||
| 260 |
_bपरिमल प्रकाशन _c1982 |
||
| 300 | _a100 | ||
| 600 | _aकर्वे चिं. श्री. | ||
| 630 | _a जीवन नि विज्ञान | ||
| 700 | _aकर्वे चिं. श्री. | ||
| 730 | _a जीवन नि विज्ञान | ||
| 942 | _cBOOK | ||
| 999 |
_c92122 _d92122 |
||